000 00422nam a2200193Ia 4500
008 101110s9999 xx 000 0 und d
041 _aENGLISH
082 _bSR13329
100 _aNargolkar and Shahane
245 _aBusiness Law
365 _b28
520 _aCommerce
546 _aENGLISH
630 _aBusiness Law
650 _aCommerce
655 _aCommerce
730 _aBusiness Law
942 _cBOOK
999 _c807562
_d807559